شوکت تھانوی کی مزہتیہ صحافت / (Record no. 106801)

MARC details
000 -LEADER
fixed length control field 00852nam a22002537a 4500
005 - DATE AND TIME OF LATEST TRANSACTION
control field 20170123162317.0
010 ## - LIBRARY OF CONGRESS CONTROL NUMBER
LC control number 475775
020 ## - INTERNATIONAL STANDARD BOOK NUMBER
Terms of availability 3.00
035 ## - SYSTEM CONTROL NUMBER
System control number 475775
037 ## - SOURCE OF ACQUISITION
Source of stock number/acquisition Cen Lib/Ret
040 ## - CATALOGING SOURCE
Original cataloging agency DPL
Language of cataloging UR
082 ## - DEWEY DECIMAL CLASSIFICATION NUMBER
Classification number 847
Item number ش و ک
100 ## - MAIN ENTRY--PERSONAL NAME
Personal name احمد جمال پاشا
9 (RLIN) 115217
245 ## - TITLE STATEMENT
Title شوکت تھانوی کی مزہتیہ صحافت /
Statement of responsibility, etc احمد جمال پاشا
246 ## - VARYING FORM OF TITLE
Title proper/short title Shokat Thanvi ki mizahiya sahafat /
Remainder of title by Ahmad Jamal Pasha
260 ## - PUBLICATION, DISTRIBUTION, ETC. (IMPRINT)
Place of publication, distribution, etc یو پی
Name of publisher, distributor, etc بینچ پبلشرس
Date of publication, distribution, etc 1967
270 ## - ADDRESS
Address ٤٠، بے اردو بازار
City یو پی
300 ## - PHYSICAL DESCRIPTION
Extent 109p.
Dimensions 19cm(Hb)
650 ## - SUBJECT ADDED ENTRY--TOPICAL TERM
Topical term or geographic name as entry element ادب - اردو
Form subdivision
9 (RLIN) 115218
650 ## - SUBJECT ADDED ENTRY--TOPICAL TERM
Topical term or geographic name as entry element اردو سوانح عمری
9 (RLIN) 115219
650 ## - SUBJECT ADDED ENTRY--TOPICAL TERM
Topical term or geographic name as entry element Literature -- Urdu
9 (RLIN) 115220
650 ## - SUBJECT ADDED ENTRY--TOPICAL TERM
Topical term or geographic name as entry element Urdu biography
9 (RLIN) 511
942 ## - ADDED ENTRY ELEMENTS (KOHA)
Source of classification or shelving scheme Dewey Decimal Classification
Koha item type Urdu Bks
Classification part 847
Call number suffix ش و ک
Holdings
Withdrawn status Lost status Damaged status Not for loan Home library Current library Date acquired Source of acquisition Cost, normal purchase price Total Checkouts Full call number Barcode Date last seen Copy number Cost, replacement price Price effective from Koha item type
        Central Library Central Library 29/12/2015 Cen Lib/Ret 3.00   847 ش و ک 475775 29/12/2015 1 3.00 29/12/2015 Urdu Bks

© Delhi Public Library
Hit Counter
free hit counter